000 02020pab a2200181 454500
008 180718b2013 xxu||||| |||| 00| 0 eng d
100 _aMeilby, Henrik
245 _aBalancing research and organizational capacity building in front-end project design: experiences from danida's enreca programme
260 _c2013
300 _ap.205-220.
362 _aAug
520 _aNorth-South research capacity building (RCB) partnerships have attracted considerable academic attention during the last two decades, especially with regard to issues related to partnership governance. Less attention has been given to the management aspects of partnership implementation, but in order for partnerships to comply with general governance-level recommendations, a better understanding is needed of how specific context-dependent factors influence the development and execution of projects. In this article, we aim to contribute to the understanding of factors influencing the design phase of RCB partnerships and examine how they influence the balance between performing collaborative research and developing general organizational capacity. Data collection was based on a survey (n?=?25), and individual interviews and focus group discussions with 17 Danish project managers from the Danish Bilateral Programme for Enhancement of Research Capacity in Developing Countries. Our results lead to rejection of the proposition that RCB projects are either focused on building capacity for research or conducting merit-based research. Because of the 'politics' of the front-end process, reality is more complex. We identify 11 specific factors influencing front-end project management related to structure, process and relationship, and we theorize about how these factors influence the choice between research and more general capacity development activities. - Reproduced.
650 _aProject management
700 _aHjortso, Carsten Nico
773 _aPublic Administration and Development
908 _aN
909 _a100856
999 _c100855
_d100855